000 00324nam a2200133Ia 4500
005 20251222144818.0
008 251222s9999||||xx |||||||||||||| ||spa||
020 _a978-970-10-7322-3
082 _a370.15/T59
100 _aTirado Segura, Felipe
245 0 _aPsicologĂ­a Educativa:
264 _bMcGraw-Hill
942 _cLIB
999 _c20381
_d20381